000
00256nam a2200097Ia 4500
005
20251222113744.0
008
251222s1900||||xx |||||||||||||| ||spa||
082
_a
DVD0070/W42S/1989
245
0
_a
La sociedad de los poetas muertos:Dead Poets Society
942
_c
DVD
999
_c
717
_d
717